Guess The Google Logos - Statistics

General Stats
  • This quiz has been taken 33 times
  • The average score is 11 of 28
Answer Stats
Picture Answer % Correct
Chrome
81%
Gmail
77%
Maps
77%
Google Drive
71%
Sheets
58%
Classroom
55%
Docs
55%
Photos
55%
Gemini
52%
Meet
52%
Translate
52%
Slides
48%
One
45%
Pixel Watch
45%
Lens
35%
Waze
35%
Assistant
29%
Contacts
26%
News
19%
Voice
19%
Calander
16%
Keep
16%
Analytics
13%
Authenticator
13%
Family Link
13%
Fit
10%
Health Studios
10%
Play Services
10%
No matching quizzes found
Score Distribution
Percent of People with Each Score
Percentile by Number Answered
Your Score History
You have not taken this quiz